LIBRARY & INFORMATION CENTRE, KCAET, TAVANUR

ONLINE PUBLIC ACCESS CATALOGUE (OPAC)

Jaya dole / (Record no. 3616)

MARC details
000 -LEADER
fixed length control field 00417cam a2200181ua 4500
041 ## - LANGUAGE CODE
Language code of text/sound track or separate title hin
082 ## - DEWEY DECIMAL CLASSIFICATION NUMBER
Classification number 891.54
Item number AJN/JA
100 ## - MAIN ENTRY--AUTHOR NAME
Personal name Ajnyeya, .
245 ## - TITLE STATEMENT
Title Jaya dole /
250 ## - EDITION STATEMENT
Edition statement 3 /
260 ## - PUBLICATION, DISTRIBUTION, ETC. (IMPRINT)
Place of publication Kashi :
Name of publisher Bharatiya Jnanpeeth ,
Year of publication 1962.
300 ## - PHYSICAL DESCRIPTION
Number of Pages 155 ; .
942 ## - ADDED ENTRY ELEMENTS (KOHA)
Koha item type Books
Holdings
Withdrawn status Lost status Damaged status Home library Current library Date acquired Full call number Accession Number Koha item type Public note
Withdrawn     KAUAET Sanskrit University 07/04/2012 891.54 6374 Books Transferred to Sanskrit University
free website counter